000 00757nam a2200253 a 4500
001 BRCA_7801
005 20190320210012.0
008 011013s1958----sz-a######---#000-0#ger-#
041 _ager
044 _asz
050 4 _aNB170
_b.G97 1958
100 1 _aGysin, F.
_913146
245 1 0 _aHolzplastik vom II. bis zum 14. Jahrhundert
_cF. Gysin.
260 _aBerna, Suiza
_bP. Haupt
_cc1958
300 _a16 p.
_bil.
_c25 cm.
440 0 _aHochwachter-Bucherei
_v35
_919325
500 _aPublicación periódica inventariada como libro
500 _aA la cabeza de la portada: Aus dem Schweizerischen Landesmuseum ; 11-
500 _aX73
650 1 4 _aEscultura medieval
_918870
650 1 4 _aEscultura
_zSuiza
_919326
902 _aGFM
942 _2lcc
_cB
999 _c7475
_d7475